000 01721nam0a2200301 i 4500
001 RU\NLR\BIBL_A\011238650
005 20260405053005.0
010 _a9785923802207
_9500
021 _aRU
_b2016-73832
_94783
035 _a(NLR Aleph) 011238650
090 _a12109669
_c12109669
100 _a20161012d2016 k y0rusy50 ca
101 0 _arus
102 _aRU
105 _a z 000zy
200 1 _aРоль агрохимической службы в модернизации сельскохозяйственного производства и обеспечении продовольственной безопасности Российской Федерации
_fЛ.М. Державин, Р.А. Афанасьев, Г.Е. Мёрзлая
_gРос. акад. наук, Федер. агентство науч. орг., ФГБНУ Всерос. науч.-исслед ин-т агрохимии им. Д.Н. Прянишникова
210 _aМосква
_cВНИИА
_d2016
215 _a116 с.
_cил.
_d20
320 _aБиблиогр.: с. 109 (11 назв.)
606 1 _aСельское хозяйство
_xМодернизация
_xРоль агрохимической службы
_yРоссийская Федерация
_92301766
_3RU\NLR\AUTH\6601604485
686 1 _aП04(2Р)
700 1 _aДержавин
_bЛ. М.
_gЛеонид Михайлович
701 1 _8rus
_7ca
_aАфанасьев
_bР. А.
_cд-р с.-х. наук
_gРафаил Александрович
_3RU\NLR\AUTH\7716948
_940
701 1 _aМёрзлая
_bГ. Е.
_f1935-
_gГенриэта Егоровна
_9164886
_3RU\NLR\AUTH\770164930
942 _cBOOK
980 _aNBR